Statistiques concernant Culture Générale - Série 2323

Cliquez ici pour prendre le quiz!

Statistiques générales

  • Ce quiz a été pris 144 fois
  • Le résultat moyen est 6 sur 10

Statistiques - réponses

QuestionRéponse% Correct
Sur quelle surface pratique-t-on le curling ?glace
90%
De quel pays Tallinn est-elle la capitale ? voir drapeauEstonie
88%
Quel animal est la tanche ?poisson
86%
Quel grand lac chevauche la frontière entre le Pérou et la Bolivie ?Titicaca
83%
Comment se prénomme l'épouse du personnage de BD qui tire sa force des épinards ?OLive
74%
Comment appelle-t-on le cri du tigre ?feulement
55%
Quel nom porte le détroit qui relie le golfe Persique au golfe d'Oman ?Ormuz
31%
Sous quel nom connaissait-on mieux l'actrice française Léonie Bathiat (1898-1992) ?Arletty
24%
Quel était le prénom du grand-père des actrices Mathilde et Emmanuelle Seignier, décédé en 1991 dans l'incendie de son appartement parisien ?Louis
24%
Dans le vingtième et dernier volume de la série Les Rougon-Macquart d'Emile Zola, quel est le prénom du docteur du titre du roman ?Pascal
17%

Distribution des résultats

Percentile par nombre de réponses

% des personnes avec chaque résultat

Votre développement - résultats

Vous n’avez pas pris ce quiz